1161 1831 1476 1817 1992 1863 1405 1710 1861 1186 1668 1908 1551 1698 1599 1962 1677 1735 1191 1249 1452 1501 1718 1971 1648 1945 1630 1585 1502 1153 1788 1861 1907 1617 1145 1279 1978 1455 1991 1274 1581 1956 1071 1393 1823 1673 1660 1074 1128 1664 1557 1872 1723 1230 1752 1353 1723 1545 1849 1367 1483 1281 1573 1710 1046 1976 1317 1137 1174 1754 1873 1259 1415 1389 1742 1935 1797 1369 1571 1071 1452 1220 1895 1809 1727 1995 1670 1194 1058 1347 1340 1025 1497 1507 1473 1686 1626 1694 1264 BCNSPRNW ULIB Ver.6.0+V

เปลี่ยนเป็นภาษาไทย

Change to English
 แสดงรายละเอียดบรรณานุกรม
  กลับหน้าหลัก

Brief Record : Get Marc (ISO 2709) : E-mail record : QR code < ปิดหน้าต่าง
LEADER : 00000nam 2200000uu 4500
001    13399112205
003     ULIB
008    110801s2554||||th 000 0 tha d
020    9786165020725
090    นว.^bบ111ซ 2554
100 0  Baibiau
245 00 ซาตานหัวใจหิน /^cBaibiau
260    กรุงเทพฯ:^bSugar Beat,^c2554.
300    327 หน้า.
945    ^p220^l0^i18460
995    เกษร
999 ^a ใช้งานได้ทุกระบบ
รายการนี้ยังไม่มีแท็ก
คุณยังไม่ได้ล็อกอิน คุณสามารถมีกิจกรรมร่วมกับเว็บไซต์ได้ แต่ต้องล็อกอินก่อน ::
  ล็อกอิน

รายการสื่อสารสนเทศ

ลำดับที่ ประเภท เลขเรียก/บาร์โค้ด สถานที่ สถานะ
1. วิทยาศาสตร์การแพทย์ และสุขภาพ
วิทยาศาสตร์การแพทย์ และสุขภาพ
นว. บ111ซ 2554  
  Barcode: 18460
ห้องสมุดวิทยาเขตสวรรค์ประชารักษ์
►นวนิยาย
บนชั้น
  ขอยืม

BibComment


ยังไม่เคยถูกคอมเมนท์

คอมเมนท์ทรัพยากรรายการนี้
  คอมเมนท์: ซาตานหัวใจหิน Ba..


 Copyright 2026. Bcnsprnw @Library